000 00642nam a2200241Ia 4500
003 OSt
005 20221006141929.0
006 a|||||r|||| 00| 0
007 ta
008 221006b |||||||| |||| 00| 0 eng d
020 _c
_8.50
024 _a4,669
037 _cTextual
040 _aEASL
_cEASL
_beng
041 _2eng
_aeng
082 _aV41:196.N70, L1
100 _aLARKIN Bruce
_9646559
245 0 _aChina and Africa
_b 1949-1970
260 _aCalifornia
_bUniversity of California Press
_c1971
300 _a268p.
_ccm.
942 _hV41:196.N70, L1
_cTEXL
_2CC
999 _c1072755
_d1072755